000 00205 a2200097 4500
001 36659
100 _aA Hameed
245 _aAdoray Khawab
260 _aLahore
_bMaqbool Academy
_c
090 _c23707
_d23707
942 _aNUST-CAE
_cM
_c15233
999 _c271732
_d271732